| 000 -LEADER |
| fixed length control field |
01412nam a2200169 4500 |
| 008 - FIXED-LENGTH DATA ELEMENTS--GENERAL INFORMATION |
| fixed length control field |
190507b ||||| |||| 00| 0 eng d |
| 100 ## - MAIN ENTRY--PERSONAL NAME |
| Personal name |
Andersen, Lotte Bogh et al |
| 245 ## - TITLE STATEMENT |
| Title |
Leadership and motivation: a qualitative study of transformational leadership and pubic service motivation |
| 260 ## - PUBLICATION, DISTRIBUTION, ETC. (IMPRINT) |
| Date of publication, distribution, etc |
2018 |
| 300 ## - PHYSICAL DESCRIPTION |
| Extent |
p.675-691. |
| 520 ## - SUMMARY, ETC. |
| Summary, etc |
Transformational leaders work to clarify a vision, share it with their employees and sustain it in the long run, and this is expected to result in increased employee public service motivation (PSM), that is, orientation towards doing good for others and society. Based on 48 in-depth interviews with 16 childcare leaders and 32 of their employees combined with 16 days of observation in these childcare centers, this article investigates the association between transformational leadership and PSM. When the leaders clarify, share and maintain an organizational vision, their employees are more motivated to do good for society and others, and this motivation tends to be less paternalistic and slightly more society-oriented. This implies that it is relevant to ask not only whether transformational leadership increases PSM, but also how it affects the type of PSM. - Reproduced. |
| 650 ## - SUBJECT ADDED ENTRY--TOPICAL TERM |
| Topical term or geographic name as entry element |
Motivation |
| 9 (RLIN) |
5167 |
| 650 ## - SUBJECT ADDED ENTRY--TOPICAL TERM |
| Topical term or geographic name as entry element |
Civil service |
| 9 (RLIN) |
5168 |
| 773 ## - HOST ITEM ENTRY |
| Main entry heading |
International Review of Administrative Sciences |
| 906 ## - LOCAL DATA ELEMENT F, LDF (RLIN) |
| Subject DIP |
Leadership |
| 942 ## - ADDED ENTRY ELEMENTS (KOHA) |
| Source of classification or shelving scheme |
|
| Item type |
Articles |